Nestraviteľné oligosacharidy

Guardado en:
Detalles Bibliográficos
Autor principal: Vykydalová, Anna
Formato: Libro
Lenguaje:eslovaco
Publicado: Bratislava STU FCHPT 2012
Acceso en línea:Ver en el OPAC
Etiquetas: Agregar Etiqueta
Sin Etiquetas, Sea el primero en etiquetar este registro!

MARC

LEADER 00000nam a2200000 a 4500
005 20260127134331.0
008 120815 2012 xo 000 0 slo d
035 |a vtls010442595 
039 9 |y 201208151214  |z mschk03 
040 |a STUSCHK1  |b slo  |c STUSCHK1  |e AACR2 
100 1 |a Vykydalová, Anna 
245 1 |a Nestraviteľné oligosacharidy  |c Anna Vykydalová 
260 |a Bratislava  |b STU FCHPT  |c 2012 
300 |a 33 s.  |b il.  |c 30 cm 
500 |a Obháj.: 9.7. 2012 
500 |a Študijný program: potravinárstvo 
500 |a Študijný odbor: 5.2.24 potravinárstvo 
500 |a Bakalárska práca 
500 |a FCHPT, Oddelenie potravinárskej technológie 
500 |a Evidenčné číslo: 5453-50207 
910 |a SCHK95 
999 |c 10097  |d 10097